[Event "VII Sunway Sitges Open 2020"]
[Site "Sitges"]
[Date "2020.12.19"]
[Round "6.14"]
[White "Krysa, Leandro"]
[Black "Gines Esteo, Pedro Antonio"]
[Result "1/2-1/2"]
[WhiteElo "2531"]
[BlackElo "2437"]
[Annotator "TA"]
[PlyCount "59"]
[EventDate "2020.12.13"]
[EventType "swiss"]
[EventCountry "ESP"]
[SourceTitle "playchess.com"]
[Source "ChessBase"]
[SourceQuality "1"]

{[%evp 17,59,4,3,7,7,0,2,3,7,0,20,10,39,19,25,12,10,13,21,0,0,0,1,0,45,52,73,85,146,83,171,111,101,76,76,52,59,62,108,0,51,0,157,0]} 1. d4 Nf6 2. c4 e6 3. Nf3 b6 4. g3 c6 5. Bg2 d5 6. O-O Be7 7. Qc2 O-O 8. Nbd2 Bb7 9. e4 Na6 10. cxd5 {E06: Closed Catalan: Early deviations.} cxd5 {...Nb4 is the strong threat.} 11. e5 Ne4 12. a3 {The position is equal.} Qd7 {[#]} 13. Qd1 $146 ({Predecessor:} 13. Ne1 Rac8 14. Qd1 Nxd2 15. Bxd2 Nb8 16. f4 Ba6 17. Rf2 Nc6 18. Bc3 Na5 19. Bh3 {1-0 (39) Nyzhnyk,I (2665)-Sumets,A (2546) ICC INT 2020}) 13... h6 14. Re1 Rfd8 15. Nf1 Rac8 16. Be3 Bc6 17. N3d2 Nxd2 18. Nxd2 Ba4 19. Qg4 Kh8 20. Qh5 Bf8 21. Bf1 Nc7 22. Bd3 $1 Bb5 {[#]} (22... Kg8 $142) 23. Bc2 ({White should try} 23. Bb1 $1) 23... Bc4 (23... Ne8 $16 24. Rec1 Kg8) 24. h4 (24. g4 $18) 24... Ba6 25. Rac1 Ne8 26. Bb1 Kg8 27. Qg4 $40 {[%mdl 128] White mounts an attack.} Kh8 28. Qh5 (28. Nf3 $16) 28... Kg8 $14 29. Qg4 (29. Rcd1 $14) 29... Kh8 $1 $16 {[#]} 30. Qh5 $2 {Weighted Error Value: White=0.20/Black=0.13} ({Better is} 30. Nf3 $1 $16) 1/2-1/2

[Event "VII Sunway Sitges Open 2020"]
[Site "Sitges"]
[Date "2020.12.19"]
[Round "6.16"]
[White "Flom, Gabriel"]
[Black "Boyer, Mahel"]
[Result "1-0"]
[WhiteElo "2499"]
[BlackElo "2307"]
[Annotator "TA"]
[PlyCount "109"]
[EventDate "2020.12.13"]
[EventType "swiss"]
[EventCountry "ESP"]
[SourceTitle "playchess.com"]
[Source "ChessBase"]
[SourceQuality "1"]

{[%evp 9,109,22,20,24,29,12,29,17,11,24,21,18,22,22,26,16,12,15,15,10,6,14,9,6,37,36,45,39,30,0,66,58,127,73,239,150,137,140,134,139,225,225,218,220,218,213,219,182,163,171,172,176,171,184,180,178,189,148,150,120,127,131,204,197,237,239,367,389,373,376,416,416,356,408,388,387,330,357,735,730,1674,1495,10277,5627,1591,1607,6520,1379,12819,12819,2375,1737,12825,12824,12832,1450,1454,1255,12834,12835,12834,4947]} 1. d4 d5 2. c4 e6 3. Nc3 h6 4. cxd5 exd5 5. Bf4 Nf6 6. e3 {D31: Queen's Gambit Declined: Semi-Slav without ...Nf6 (+ Marshall Gambit and Noteboom) and Exchange Variation lines without ...Nf6.} Bd6 {[#]} 7. Qf3 $146 ({Predecessor:} 7. Bxd6 Qxd6 8. Nf3 O-O 9. Bd3 Bg4 10. Qc2 a6 11. Ne5 c5 12. Nxg4 Nxg4 13. dxc5 Qxc5 {0-1 (19) Gordievsky,D (2559)-Fedoseev,V (2678) chess.com INT 2020}) 7... O-O 8. Be5 {White has an edge.} Bxe5 9. dxe5 Ng4 10. Qxd5 Nc6 11. Nf3 Qe7 12. Be2 Ncxe5 13. Nxe5 Nxe5 14. O-O c6 15. Qe4 f5 16. Qf4 Qf6 17. Rad1 Be6 18. Qb4 Rf7 19. f4 Ng6 ({Black should try} 19... a5 $1 $11 20. Qb6 (20. fxe5 axb4 21. exf6 bxc3 $17) 20... Nc4 21. Bxc4 Bxc4) 20. Bh5 b6 ({Better is} 20... Rc7 $14) 21. Rd6 (21. e4 $142) 21... c5 $2 (21... Rd7 $16 {keeps fighting.}) 22. Qa3 {Black must now prevent Rfd1.} Qe7 23. Rfd1 Rf6 24. Rxb6 {[%mdl 64] [#] Pin} Bf7 (24... Rd8 $16 25. Rc6 (25. Rxd8+ Qxd8 26. Qxa7 Qd2 $11) 25... Rxd1+ 26. Bxd1 Nxf4) 25. Nd5 $18 Bxd5 26. Rxf6 gxf6 27. Rxd5 {[%mdl 64] Double Attack} Nxf4 28. Bf3 ({Not} 28. Qxc5 Qxc5 29. Rxc5 Nxh5 $11) 28... Rc8 29. Rxf5 Ng6 30. Bd5+ Kg7 31. e4 c4 {[#] Hoping for ...Qxa3.} 32. Qc3 Qd6 33. Rf3 h5 34. Rf5 h4 35. h3 Ne5 (35... Qb6+ $16 36. Kh1 Re8) 36. Kh1 Rh8 37. g4 {Threatens to win with g5.} hxg3 (37... Rf8 {was necessary.} 38. g5 Ng6 39. gxf6+ Rxf6 40. Bxc4 Nf4 41. Rg5+ Ng6) 38. Qxg3+ Kf8 39. Kg2 {Strongly threatening Qg5.} Qe7 {If Black can now play ...Qg7 this consolidates a bit.} 40. Rh5 {[%cal Rh5h8]} Qg7 41. Qxg7+ Kxg7 42. Rxh8 Kxh8 {[%mdl 4096] Endgame KB-KN} 43. Kf2 Nd3+ $2 (43... Kg7 44. Ke3 Kg6) 44. Ke3 {White is clearly winning.} Nxb2 45. Kd4 Kg7 46. Bxc4 Na4 47. Bb5 Nb6 48. h4 Kh6 49. Be8 Kg7 50. Kc5 Kf8 51. Bb5 Ke7 52. Kc6 (52. h5 $142 Nc8 53. Bc4) 52... Nc8 53. Bc4 Nb6 54. Bb3 Nc8 55. a4 {Weighted Error Value: White=0.08/Black=0.24} 1-0

[Event "VII Sunway Sitges Open 2020"]
[Site "Sitges"]
[Date "2020.12.19"]
[Round "6.17"]
[White "Dragnev, Valentin"]
[Black "Dalaud, Dorian"]
[Result "1/2-1/2"]
[WhiteElo "2564"]
[BlackElo "2291"]
[Annotator "TA"]
[PlyCount "64"]
[EventDate "2020.12.13"]
[EventType "swiss"]
[EventCountry "ESP"]
[SourceTitle "playchess.com"]
[Source "ChessBase"]
[SourceQuality "1"]

{[%evp 9,64,29,28,32,36,0,-1,-7,0,0,0,-13,-21,-29,-16,-42,-43,-53,-45,-72,-78,-83,-97,-104,-91,-112,-97,-138,-141,-152,-144,-208,-150,-187,-207,-190,-181,-216,-206,-189,-125,-141,-108,-108,-69,-67,-67,-65,-51,-51,-51,-68,-75,-66,-62,-68,-54]} 1. d4 Nf6 2. Nf3 c5 3. d5 b5 4. Bg5 g6 5. Bxf6 exf6 6. e3 {A43: Schmid Benoni.} a6 7. a4 b4 8. Nbd2 {The position is equal.} d6 9. Be2 Bg7 10. O-O f5 11. Nc4 a5 12. Qd2 O-O {[#]} 13. c3 $146 ({Predecessor:} 13. Rad1 Qc7 14. Ng5 Ba6 15. b3 Bc3 16. Qc1 Qe7 17. Nh3 Nd7 18. Bd3 Bb7 19. Nf4 {0-1 (57) Alfred,N (2349)-Zigangirova,S (2278) Budapest 2004}) 13... Qc7 14. Rfe1 Nd7 15. cxb4 axb4 16. Red1 Bb7 17. Ne1 Nf6 18. Bf3 Ba6 19. Qc1 Rfb8 20. Nd3 (20. Be2 $17 {was called for.}) 20... Qd7 21. a5 {With the idea Nb6.} Bxc4 22. Qxc4 Qb5 23. Qxb5 Rxb5 24. a6 Rb6 ({Black should play} 24... c4 $19 25. Nf4 Ne4) 25. Be2 $17 Nd7 {Hoping for ...c4.} ({Don't take} 25... Raxa6 26. Rxa6 Rxa6 {[#]} 27. Nxc5 $1 $15 {[%mdl 512]}) 26. Rdb1 ({Don't go for} 26. a7 $2 c4 $19) 26... Rbxa6 27. Rxa6 Rxa6 28. Nxb4 Rb6 29. Nc6 Bxb2 30. Ne7+ Kf8 31. Nc8 Rb4 32. Nxd6 Be5 {And White is the lucky defender.  Weighted Error Value: White=0.14/Black=0.10} 1/2-1/2

[Event "VII Sunway Sitges Open 2020"]
[Site "Sitges"]
[Date "2020.12.19"]
[Round "6.19"]
[White "Garcia Jimenez, Francisco Javier"]
[Black "Dardha, Daniel"]
[Result "0-1"]
[WhiteElo "2288"]
[BlackElo "2487"]
[Annotator "TA"]
[PlyCount "52"]
[EventDate "2020.12.13"]
[EventType "swiss"]
[EventCountry "ESP"]
[SourceTitle "playchess.com"]
[Source "ChessBase"]
[SourceQuality "1"]

{[%evp 13,52,8,6,0,0,-3,-7,-2,0,-3,0,-8,-6,-8,13,-15,-14,-44,0,0,14,-55,-44,-44,-61,-142,-134,-120,-118,-206,-201,-201,-195,-192,-184,-227,-228,-294,-289,-491,-469]} 1. e4 c5 2. Nc3 Nc6 3. g3 g6 4. Bg2 Bg7 5. d3 Rb8 6. a4 a6 7. Be3 d6 8. Nf3 {[#] B26: Closed Sicilian: 3 g3, lines with early Be3.} e5 $146 ({Predecessor:} 8... Nf6 9. h3 O-O 10. Qd2 b5 11. axb5 axb5 12. Bh6 b4 13. Ne2 Bd7 14. Nh2 Ra8 {1-0 (37) Pazos Porta,A (2333)-Silva,M (1901) Pontevedra 2019}) 9. Nd5 Nge7 10. Nxe7 {The position is equal.} Qxe7 11. O-O O-O 12. c3 f5 13. Qd2 Kh8 14. Ne1 Be6 15. f4 Qd7 16. Nf3 b6 17. Ra3 ({Better is} 17. Ng5 $11) 17... fxe4 $15 18. dxe4 Na5 {Strongly threatening ...Nc4.} 19. Qf2 {[#]} (19. Qc1 $1 $15) 19... Nc4 $1 $17 {[%cal Rc4a3]} 20. Raa1 {[#]} Bh6 $1 21. Nd2 (21. Ne1 $17 {might work better.}) 21... Nxe3 $19 22. Qxe3 exf4 23. gxf4 Qf7 {[%cal Rh6f4]} 24. Qd3 Bxf4 25. Qxa6 Qg7 26. Nf3 $2 (26. Qd3 {is a better defense.} Qh6 27. Rxf4 Qxf4 28. Kh1) 26... g5 {Weighted Error Value: White=0.40/Black=0.05} 0-1

[Event "VII Sunway Sitges Open 2020"]
[Site "Sitges"]
[Date "2020.12.19"]
[Round "6.20"]
[White "Jimenez Ruano, Adrian"]
[Black "Bulmaga, Irina"]
[Result "1-0"]
[WhiteElo "2279"]
[BlackElo "2424"]
[Annotator "TA"]
[PlyCount "131"]
[EventDate "2020.12.13"]
[EventType "swiss"]
[EventCountry "ESP"]
[SourceTitle "playchess.com"]
[Source "ChessBase"]
[SourceQuality "1"]

{[%evp 26,131,35,5,17,0,15,8,18,0,0,0,0,0,38,39,46,54,33,33,44,14,53,48,177,157,185,171,174,175,168,162,167,164,200,188,255,252,254,243,248,230,250,243,254,260,253,230,291,240,265,195,258,264,310,309,416,412,414,416,406,403,414,408,413,416,410,409,477,448,463,385,555,458,428,455,454,412,512,564,598,583,583,576,671,629,629,607,7750,5939,5939,5616,6195,4614,2066,1736,29973,29974,29972,29975,29974,29975,29975,29975,29973,29969,29960,4702]} 1. d4 Nf6 2. c4 e6 3. Nc3 d5 4. cxd5 Nxd5 5. e4 Nxc3 6. bxc3 c5 7. Nf3 cxd4 8. cxd4 Bb4+ 9. Bd2 Bxd2+ 10. Qxd2 O-O 11. Bc4 Nd7 12. O-O b6 13. Rfe1 Bb7 14. Rad1 Rc8 {D41: Queen's Gambit Declined: Semi-Tarrasch with 5 cxd5.} 15. Bb3 Qf6 16. h3 Rfd8 {The position is equal.} 17. Qe3 h6 18. Rd2 Rc7 19. Red1 {[#]} Nf8 $146 ({Predecessor:} 19... Rcc8 20. Ba4 Nf8 21. Ne5 Ng6 22. Nxg6 Qxg6 23. f3 {½-½ (25) David,A (2548)-Marcelin,C (2503) Istanbul 2003}) 20. Ne5 Rdc8 21. Ng4 Qe7 22. d5 exd5 23. exd5 Qd6 24. Qd4 Re7 {This move loses the game for Black.} ({Black should play} 24... Ng6 $14) 25. Ne3 $18 {And now Nf5! would win.} Rce8 {[#]} 26. Qxg7+ $1 {[%mdl 576] Decoy} Kxg7 27. Nf5+ {[%mdl 64] Double Attack} Kf6 {( -> ...Re1+)} 28. Nxd6 Rd8 29. Nc4 b5 30. Ne3 h5 (30... Rc7 $142 31. Rd4 Rc5 32. Rf4+ Kg6) 31. Rd4 Ng6 32. a4 bxa4 33. Rxa4 a6 34. Bc4 Rd6 35. Be2 h4 36. Bh5 Kg5 37. Bxg6 fxg6 38. Rdd4 Bc8 (38... Red7 $142 39. Kh2 (39. Rxh4 Bxd5 40. Rhg4+ Kh5 $18) 39... Kf6 40. Rxh4 Bxd5 41. Nxd5+ Rxd5 42. Rxa6+ R7d6 43. Rf4+ Kg7) 39. Rxh4 Bd7 40. Raf4 a5 41. g3 Rf6 42. Rhg4+ {[%mdl 64] [#] Clearance} Bxg4 43. h4+ ({Stronger than} 43. Rxg4+ Kh6 $11) 43... Kh5 {...Rxf4 is the strong threat.} 44. Rxf6 {[%mdl 4096] Endgame KRB-KRN} Be2 45. Rf8 {White threatens Rh8+ and mate.} Kh6 {If Black can now play ...Ra7 this consolidates a bit.} 46. Ra8 Bf3 47. Rxa5 Rb7 {intending ...Rb1+.} 48. Ra1 Rb2 (48... Rd7 $142 49. Ra5 Kg7) 49. g4 Rb4 50. Kh2 Bxg4 51. Kg3 Bh5 52. Ra7 Rd4 53. Rd7 Rd2 54. f3 g5 {Black hopes to continue with ...gxh4+.} 55. Nf5+ Kg6 56. Rg7+ Kxf5 57. Rxg5+ {[%mdl 64] Double Attack} Kf6 58. Rxh5 {KR-KR} Kg6 59. Rg5+ Kf6 60. Kg4 Rg2+ 61. Kf4 {White mates.} Rh2 62. Rf5+ Ke7 63. h5 Rh1 64. Kg5 Rg1+ 65. Kh6 Kd6 66. Kh7 {Weighted Error Value: White=0.12/Black=0.31} (66. Rg5 $142 Rf1 67. Kg6 Kc7 68. h6 Rxf3 69. h7 Rh3 70. Rh5 Rg3+ 71. Kh6) 1-0

[Event "VII Sunway Sitges Open 2020"]
[Site "Sitges"]
[Date "2020.12.19"]
[Round "6.21"]
[White "Hernando Rodrigo, Julio Antonio"]
[Black "Travadon, Loic"]
[Result "1-0"]
[WhiteElo "2275"]
[BlackElo "2421"]
[Annotator "TA"]
[PlyCount "51"]
[EventDate "2020.12.13"]
[EventType "swiss"]
[EventCountry "ESP"]
[SourceTitle "playchess.com"]
[Source "ChessBase"]
[SourceQuality "1"]

{[%evp 16,51,40,32,32,-18,-8,-9,-20,-14,0,-57,38,30,100,86,88,50,47,49,608,541,1039,1049,2658,2506,2308,2155,1936,1929,1618,1174,1548,842,29982,29983,29983,29983]} 1. d4 Nf6 2. c4 d6 3. Nf3 g6 4. Nc3 Bg7 5. e4 O-O 6. h3 e5 7. d5 a5 8. Be3 Na6 9. g4 h5 {[#] 9...Nc5 is setting a new trend. E90: King's Indian: Classical: Early deviations and 6 h3.} 10. Bg5 $146 ({Predecessor:} 10. g5 Nd7 11. Be2 Ndc5 12. Qd2 c6 13. Rd1 cxd5 14. Qxd5 Nb4 15. Qxd6 Nc2+ 16. Kf1 Nxe3+ 17. fxe3 Qxd6 18. Rxd6 {1-0 (40) Gretarsson,H (2576)-Hjartarson,J (2525) Tornelo INT 2020}) 10... hxg4 11. hxg4 Bxg4 {The position is equal.} 12. Be2 Nc5 13. Qc2 (13. Nh2 $11 Bxe2 14. Qxe2) 13... Qd7 (13... c6 $1 $15) 14. O-O-O $14 Nh5 {[#]} (14... a4 $11 {keeps the balance.}) 15. Nh4 $1 $16 Bxe2 16. Qxe2 Nf4 17. Qf3 Ra6 $2 {[%mdl 8192] [#] A mistake that costs the game.} (17... Rfb8 $14) 18. Nf5 $1 $18 {[%mdl 512]} f6 (18... gxf5 19. Bxf4) 19. Bxf4 gxf5 20. Rdg1 Rf7 21. Bh6 Rb6 22. Bxg7 Rxg7 23. Qh3 {Qh8+ would kill now.} Nd3+ 24. Qxd3 f4 25. Rxg7+ Kxg7 26. Qf3 {Weighted Error Value: White=0.17/Black=1.18} 1-0

[Event "VII Sunway Sitges Open 2020"]
[Site "Sitges"]
[Date "2020.12.19"]
[Round "6.22"]
[White "Exposito Amaro, Josue"]
[Black "Vlachos, Anatole"]
[Result "1/2-1/2"]
[WhiteElo "2334"]
[BlackElo "2413"]
[Annotator "NA"]
[PlyCount "93"]
[EventDate "2020.12.13"]
[EventType "swiss"]
[EventCountry "ESP"]
[SourceTitle "playchess.com"]
[Source "ChessBase"]
[SourceQuality "1"]

1. e4 {[%emt 0:02:32]} c5 {[%emt 0:02:39]} 2. Nf3 {[%emt 0:03:04]} Nc6 {[%emt 0:00:12]} 3. c3 {[%emt 0:00:17]} d5 {[%emt 0:00:31]} 4. exd5 Qxd5 5. d4 {[%emt 0:03:10]} Bf5 {[%emt 0:00:09]} 6. Bd3 {[%emt 0:09:36]} Nf6 {[%emt 0:09:03]} 7. Bxf5 {[%emt 0:13:04]} Qxf5 {[%emt 0:00:11]} 8. O-O {[%emt 0:02:13]} O-O-O {[%emt 0:04:56]} 9. Qa4 {[%emt 0:03:22]} cxd4 {[%emt 0:00:46]} 10. Nxd4 {[%emt 0:08:21]} Nxd4 {[%emt 0:00:22]} 11. cxd4 {[%emt 0:00:13]} Kb8 {[%emt 0:02:08]} 12. Be3 {[%emt 0:01:41]} Nd5 {[%emt 0:05:35]} 13. Nc3 {[%emt 0:08:20]} e6 {[%emt 0:01:07]} 14. Nxd5 {[%emt 0:09:10]} Qxd5 {[%emt 0:00:53]} 15. Rac1 {[%emt 0:01:38]} Bd6 {[%emt 0:04:01]} 16. Qc4 {[%emt 0:06:20]} Qf5 {[%emt 0:20:40]} 17. Qa4 {[%emt 0:02:18]} Qd5 {[%emt 0:04:42]} 18. Qc4 {[%emt 0:02:51]} Qf5 {[%emt 0:01:00]} 19. Qa4 {[%emt 0:00:13]} a6 {[%emt 0:00:01]} 20. Rfd1 {[%emt 0:02:59]} Qd5 {[%emt 0:05:51]} 21. g3 {[%emt 0:06:22]} h5 22. Qc4 {[%emt 0:00:44]} Qxc4 {[%emt 0:04:17]} 23. Rxc4 {[%emt 0:00:09]} Rc8 24. Rdc1 {[%emt 0:05:39]} Rxc4 {[%emt 0:05:04]} 25. Rxc4 {[%emt 0:00:05]} Rc8 {[%emt 0:00:02]} 26. Rxc8+ {[%emt 0:05:47]} Kxc8 {[%emt 0:02:20]} 27. Kg2 {[%emt 0:01:12]} Kd7 {[%emt 0:01:51]} 28. Kf3 {[%emt 0:01:07]} Be7 {[%emt 0:00:21]} 29. Ke4 {[%emt 0:03:38]} f5+ {[%emt 0:01:00]} 30. Kd3 {[%emt 0:00:48]} g5 {[%emt 0:00:08]} 31. f3 {[%emt 0:03:52]} g4 {[%emt 0:00:38]} 32. f4 {[%emt 0:01:29]} Kc6 {[%emt 0:02:28]} 33. Kc4 {[%emt 0:02:30]} b5+ {[%emt 0:00:50]} 34. Kd3 {[%emt 0:00:19]} Kd5 {[%emt 0:00:02]} 35. Bf2 Bb4 {[%emt 0:00:52]} 36. Bg1 {[%emt 0:03:13]} Be7 {[%emt 0:01:17]} (36... Ba5 $17) 37. Bf2 $1 {[%emt 0:01:14]} Bf6 {[%emt 0:00:01]} 38. Be3 {[%emt 0:01:14]} h4 {[%emt 0:00:02]} 39. Bf2 {[%emt 0:00:53]} hxg3 {[%emt 0:07:18]} 40. hxg3 {[%emt 0:00:00]} Bd8 $15 {[%emt 0:00:00]} 41. b4 {[%emt 0:09:38]} a5 {[%emt 0:00:30]} 42. a3 {[%emt 0:00:49]} Bb6 {[%emt 0:06:54]} 43. Be3 {[%emt 0:00:33]} a4 {[%emt 0:00:00]} 44. Bf2 {[%emt 0:01:29]} Bd8 45. Be3 {[%emt 0:00:52]} Bf6 {[%emt 0:00:39]} 46. Bf2 {[%emt 0:00:44]} Be7 47. Be1 {[%emt 0:00:44]} 1/2-1/2

[Event "VII Sunway Sitges Open 2020"]
[Site "Sitges"]
[Date "2020.12.19"]
[Round "6.24"]
[White "Ortega Ruiz, Jose Miguel"]
[Black "Romanishin, Oleg M"]
[Result "1/2-1/2"]
[WhiteElo "2251"]
[BlackElo "2402"]
[Annotator "TA"]
[PlyCount "34"]
[EventDate "2020.12.13"]
[EventType "swiss"]
[EventCountry "ESP"]
[SourceTitle "playchess.com"]
[Source "ChessBase"]
[SourceQuality "1"]

{[%evp 9,34,43,40,57,48,52,53,35,41,7,60,50,58,54,54,52,59,18,34,0,60,0,38,0,58,0,41]} 1. Nf3 Nf6 2. c4 d6 3. d4 g6 4. Nc3 Bg4 5. Qb3 Qc8 6. h3 {E61: King's Indian: Early deviations for White, including Smyslov System.} Bxf3 7. exf3 Bg7 8. Be2 {White is slightly better.} O-O 9. O-O {[#]} c6 $146 (9... Nc6 $11) ({Predecessor:} 9... Nc6 10. Be3 e5 11. d5 Ne7 12. c5 Nf5 13. cxd6 Nxe3 14. fxe3 cxd6 15. Rac1 Qd8 16. Ne4 Nxe4 17. fxe4 Bh6 18. Rf3 Qb6 19. Rc3 {½-½ (19) Krause,O-Deubelbeiss,R (2038) Germany 2011}) 10. d5 Nbd7 11. Be3 Qc7 12. Rac1 Rac8 13. Bd4 Bh6 14. Be3 Bg7 (14... Bxe3 $11 15. fxe3 cxd5) 15. Bd4 Bh6 16. Be3 Bg7 (16... Bxe3 $11 17. fxe3 Rfd8) 17. Bd4 Bh6 {Weighted Error Value: White=0.25/Black=0.23} 1/2-1/2

[Event "VII Sunway Sitges Open 2020"]
[Site "Sitges"]
[Date "2020.12.19"]
[Round "6.25"]
[White "Ayats Llobera, Gerard"]
[Black "Antova, Gabriela"]
[Result "1/2-1/2"]
[WhiteElo "2400"]
[BlackElo "2247"]
[Annotator "TA"]
[PlyCount "177"]
[EventDate "2020.12.13"]
[EventType "swiss"]
[EventCountry "ESP"]
[SourceTitle "playchess.com"]
[Source "ChessBase"]
[SourceQuality "1"]

{[%evp 16,177,8,0,0,4,8,0,0,0,0,0,36,39,52,0,0,-32,-34,-36,-32,-31,0,14,35,27,70,51,35,35,69,69,67,66,70,81,66,55,67,67,61,61,62,70,66,68,88,82,76,81,72,74,113,31,9,0,102,73,67,23,168,89,106,100,194,198,203,195,224,223,270,82,81,79,84,49,49,49,49,49,56,49,49,49,49,49,49,49,49,49,49,49,49,49,49,49,49,49,49,49,49,49,49,49,68,0,49,49,49,49,49,49,49,0,49,0,49,0,49,49,49,0,49,49,49,0,0,0,49,49,49,49,49,49,49,49,49,49,49,49,49,0,49,49,49,49,49,49,49,49,49,8,8,8,8,8,8,0,6,0,0,0,39,25]} 1. e4 c5 2. Nf3 d6 3. d4 cxd4 4. Nxd4 Nf6 5. Nc3 a6 6. Bg5 e6 7. f4 h6 8. Bh4 Qb6 9. a3 Be7 {B96: Sicilian Najdorf: 6 Bg5 e6 7 f4, lines other than 7...Qb6 and 7...Be7.} ({But not} 9... Qxb2 $2 10. Na4 $18) 10. Bf2 Qc7 11. Qf3 Nbd7 {The position is equal.} 12. O-O-O b5 13. g4 Bb7 14. Bg2 {14.h4 is the modern continuation.} g5 15. Qh3 ({Better is} 15. f5 $1 $14) 15... O-O-O $11 16. f5 e5 17. Nb3 h5 18. gxh5 Rxh5 {[#]} 19. Qd3 $146 ({Predecessor:} 19. Qg3 Rdh8 20. h3 Kb8 21. Be3 Rc8 22. Rd2 Rg8 23. Rdd1 Rh4 24. Qe1 Bd8 25. Bf2 {½-½ (57) Mrudul,D (2227)-Antova,G (2318) New Delhi 2019}) 19... Nc5 20. Qe2 g4 21. Kb1 Kb8 22. Bg3 Na4 23. Nxa4 bxa4 24. Nc1 Rc8 25. Rhe1 Qc4 26. Rd3 $1 Rhh8 27. Na2 Nh5 {Black wants to play ...Nf4.} 28. Nc3 Nxg3 29. hxg3 Rh2 30. Rh1 Rch8 {[#]} 31. Rxh2 $1 Rxh2 {[#]} 32. Qf1 $1 Bd8 33. Qg1 Rh6 34. Qe3 (34. Qd1 $16) 34... Rh2 $14 35. Qg1 ({Not} 35. Rxd6 $2 Bc7 $19) 35... Rh8 (35... Rh6 $11) 36. Rxd6 Ba5 37. Rd3 {And now Bf1 would win.} (37. Bf1 $5 {[%cal Rf1c4]} Qc7 38. Rd3 $14) 37... Rd8 (37... Bxc3 $11 {and Black has nothing to worry.} 38. Rxc3 Qd4) 38. Qd1 (38. Rxd8+ $18 Bxd8 39. Qd1) 38... Rxd3 $16 39. Qxd3 Qc6 (39... Qd4 $16) 40. Nd5 $18 Qc5 41. Ne3 Be1 42. Nxg4 Qg1 43. Qf1 $2 (43. Nf6 $18) 43... Qxf1 $16 44. Bxf1 Bxg3 {[%mdl 4096] Endgame KBB-KBN} 45. Bd3 Kc7 46. Nh6 f6 47. Ng4 Bh4 48. b3 axb3 49. cxb3 a5 50. Kc2 Kb6 51. b4 axb4 52. axb4 Bg5 53. Nh2 Bc6 54. Kb3 Bf4 55. Ng4 Bg5 56. Nf2 Bh4 57. Nd1 Bg5 58. Nc3 Bh4 59. Kc4 Be1 60. Kb3 (60. Nd5+ $14 Bxd5+ 61. Kxd5) 60... Bd2 61. Nb1 {Cut Off at move 61} Be1 62. Na3 Bf2 63. Nc4+ Kc7 64. Na3 Kb6 65. Nb1 Be1 66. Nc3 Bd2 67. Ne2 Be1 68. Ng1 Bf2 69. Nf3 Be3 70. Nh2 Bf4 71. Ng4 Bg5 72. Kc3 Bb7 73. Nf2 Bh4 74. Nd1 Bg5 75. Nb2 Bc6 76. Nc4+ Kc7 77. Na5 Kb6 78. Nc4+ Kc7 79. Na3 Kb6 80. Kb3 Bh4 81. Nc4+ Kc7 82. Ne3 Bg5 83. Nd5+ Bxd5+ 84. exd5 $11 {KB-KB} Bh6 85. Kc4 Kb6 86. b5 {Threatens to win with d6.} Bf8 87. d6 Bxd6 88. Kd5 e4 89. Kxe4 {Black escapes into a draw.  Weighted Error Value: White=0.14/Black=0.18} 1/2-1/2